LIBRARY & INFORMATION CENTRE, KCAET, TAVANUR

ONLINE PUBLIC ACCESS CATALOGUE (OPAC)

Theory of ordinal differential equations / (Record no. 5375)

MARC details
000 -LEADER
fixed length control field 00443cam a2200157ua 4500
041 ## - LANGUAGE CODE
Language code of text/sound track or separate title eng
082 ## - DEWEY DECIMAL CLASSIFICATION NUMBER
Classification number 515.35
Item number COD/TH
100 ## - MAIN ENTRY--AUTHOR NAME
Personal name Coddington, Earl A .
245 ## - TITLE STATEMENT
Title Theory of ordinal differential equations /
260 ## - PUBLICATION, DISTRIBUTION, ETC. (IMPRINT)
Place of publication New Delhi :
Name of publisher Tata Mc-Graw Hill Publishing Company ,
Year of publication 1972.
300 ## - PHYSICAL DESCRIPTION
Number of Pages 429 ; .
700 1# - ADDED ENTRY--PERSONAL NAME
Personal name Levinson , Norman .
942 ## - ADDED ENTRY ELEMENTS (KOHA)
Koha item type Books
Holdings
Withdrawn status Lost status Damaged status Home library Current library Date acquired Full call number Accession Number Koha item type
      KAUAET KAUAET 07/04/2012 515.35 15688 Books
free website counter